00409nam a2200157Ia 4500003000400000008004100004040001600045082001300061100002200074245004200096260004200138300001000180490002400190650001500214650002200229GCL140319s9999 xx 000 0 eng d aGCL / cGCL04a843bD N1 aDURAS, MARGUERITE10aLE NAVIRE NIGHT / cDURAS, MARGUERITE a[S.N] : bMERCURE DE FRANCE ، c1979 a180 P aCOLLECTION FOLIOv004aLITERATURE04aFRENCH LITERATURE